Statistics for Are You A True Potterhead?

Click here to take the quiz!

General Stats

  • This quiz has been taken 5 times
  • The average score is 9 of 42

Answer Stats

HintAnswer% Correct
How many points would you recieve if you threw a book through Moaning Myrtles head?50
75%
How many OWLS did Ron get?7
75%
What is the incantation for the summoning charm?accio
75%
What type of car did Harry and Ron fly to Hogwarts?Ford Anglia
75%
What did Ginny name her pet?Arnold
50%
What was Snape's mother's first and last maiden name?Eileen Prince
50%
What was Neville's OWL in Charms?Exceeds Expectations
50%
What did Ron call Hermione that made her cry in the Sorcerers/Philosophers Stone?nightmare
50%
What is the password used to open the prefect's bathroom?Pine Fresh
50%
After fleeing from the wedding, where do the Golden Trio end up?Tottenham Court Road
50%
What color are a Basilisks eyes?Yellow
50%
What was Harry's room number in the Leaky Cauldron in the Prisoner of Azkaban?11
25%
How old was Stan Shunpike when he was arrested?21
25%
How many Knuts are in a Sickle?29
25%
How many exceptions are there to Gamp's Elemental Law?5
25%
How many Quidditch fouls are listed in the Department of Magical Games and Sports records?700
25%
Where did Hermione hide her parents?Australia
25%
What does Collin/Dennis Creevy's dad do for a living?Milkman
25%
What was the name of the cat that Mrs Figg left to watch Harry?Mr. Tibbles
25%
Who first notices Harry can speak to snakes?Piers Polkiss
25%
What was the name of Aunt Marge's favorite bulldog?Ripper
25%
What orphanage did Tom Riddle Jr stay at?Wool's Orphanage
25%
How much money did Fred and George bet with Ludo Bagman on Ireland winning the Quidditch World Cup, but Krum catching the snitch?37 galleons 15 sickles and 3 knuts
0%
About how far did Harry throw the gnome that bit his finger?50 feet
0%
Where did Madam Marsh get off the Knight Bus the first time Harry rode it?Abergavenny
0%
Who did Sirus inherit his gold from?Alphard Black
0%
What was the name of the wizard at the Quidditch World Cup who refused to wear trousers?Archie
0%
Whose death allows Voldemort to make his last Horcrux?Bertha Jorkins
0%
In the St. Mungo's waiting room, what was the man inflicted with? (a noise)clanging
0%
What is the Quidditch foul where a player uses their elbows?Cobbing
0%
What horny growths cover trolls?Cobbles
0%
What is the incantation for the Vanishing spelldepulso
0%
What type of hat was Elphias Doge wearing at Bill and Fleur's wedding?fez
0%
Who is the inkeeper of the Leaky Cauldron after Tom?Hannah Abbott
0%
Who invented Floo Powder?Ignatia Wildsmith
0%
What happened to Harry's goblet of vinegar when he tried to turn it into wine?it froze
0%
Who did Neville Longbottom forget to give the Sorting Hat too at the sorting ceremony?Morag McDougal
0%
What wrong name did Professor Binns call Seamus Finnigan in the Chamber of Secret?O'Flaherty
0%
Who broke the vanishing cabinet?Peeves
0%
In Harry's first year Charms exam what was he told to make tap dance?pinneaple
0%
In Order of the Phoenix what did Hermione get Ron and Harry for Christmas?planner
0%
What was SPEW going to be called? (use acronym)SOAOFLCCCTLS
0%

Score Distribution

Percentile by Number Answered

Percent of People with Each Score

Your Score History

You have not taken this quiz